[Event "FRA-chT1 1011"]
[Site "France"]
[Date "2010.12.11"]
[Round "4.4"]
[White "Safranska, Anda"]
[Black "Diaz, Mickael"]
[Result "0-1"]
[WhiteElo "2250"]
[BlackElo "2219"]
[PlyCount "62"]
[EventDate "2010.10.17"]
[EventType "team-tourn"]
[EventRounds "11"]
[EventCountry "FRA"]
[SourceTitle "EXT 2012"]
[Source "ChessBase"]
[SourceDate "2011.11.24"]
[SourceVersion "1"]
[SourceVersionDate "2011.11.24"]
[SourceQuality "1"]

1. Nf3 d6 2. e4 c5 3. Bc4 g6 4. 0-0 Bg7 5. d3 Nc6 6. c3 Nf6 7. Bb3 0-0 8. Re1 b6 9. h3 Ba6 10. Bc2 Rc8 11. a3 Qd7 12. Nbd2 Rfd8 13. d4 cxd4 14. cxd4 e5 15. d5 Ne7 16. Ba4 Qc7 17. Nf1 h6 18. Ng3 Nd7 19. b4 f5 20. Bb2 b5 21. Bb3 f4 22. Nf1 Kh7 23. Qe2 Qb6 24. Rec1 Nf6 25. Rxc8 Rxc8 26. Rc1 Rg8 27. Kh1 g5 28. N1h2 Bc8 29. Bd1 Bf8 30. Ne1 h5 31. Nd3 g4 0-1

[Event "FRA-chT1 1011"]
[Site "France"]
[Date "2010.10.17"]
[Round "1.5"]
[White "Benmesbah, Natacha"]
[Black "Diaz, Mickael"]
[Result "0-1"]
[WhiteElo "2165"]
[BlackElo "2219"]
[PlyCount "94"]
[EventDate "2010.10.17"]
[EventType "team-tourn"]
[EventRounds "11"]
[EventCountry "FRA"]
[SourceTitle "EXT 2012"]
[Source "ChessBase"]
[SourceDate "2011.11.24"]
[SourceVersion "1"]
[SourceVersionDate "2011.11.24"]
[SourceQuality "1"]

1. e4 c5 2. b3 Nc6 3. Bb2 e5 4. Bc4 d6 5. Nc3 g6 6. Nge2 Bg7 7. 0-0 Nge7 8. f4 0-0 9. Ng3 exf4 10. Rxf4 Be5 11. Qf1 Be6 12. Nd1 Bxc4 13. bxc4 Bxf4 14. Qxf4 Ne5 15. Ne3 f6 16. Rf1 Qd7 17. Qh4 Qe6 18. d3 Rae8 19. Ne2 f5 20. Qh3 Qd7 21. Bxe5 dxe5 22. exf5 Nxf5 23. Nd5 Rf7 24. Nec3 Ref8 25. Re1 Re8 26. Ne4 Qd8 27. g4 Nd4 28. Rf1 Ne2+ 29. Kh1 Nf4 30. Nxf4 exf4 31. Qf3 h6 32. Nxc5 Re3 33. Qd5 Qxd5+ 34. cxd5 b6 35. Ne4 Kf8 36. g5 hxg5 37. Nxg5 Rf5 38. Ne6+ Ke7 39. Nd4 Rf6 40. Nc6+ Kd6 41. Nxa7 Kxd5 42. Nb5 Ke5 43. Nc3 Rc6 44. Nd1 Re2 45. d4+ Kxd4 46. Rxf4+ Ke5 47. Rf1 Rcxc2 0-1

[Event "FRA-chT2 0910"]
[Site "France"]
[Date "2009.12.12"]
[Round "5.6"]
[White "Le Hetet, Nicolas"]
[Black "Diaz, Mickael"]
[Result "1/2-1/2"]
[WhiteElo "2130"]
[BlackElo "2235"]
[PlyCount "91"]
[EventDate "2009.09.27"]
[EventType "team-tourn"]
[EventRounds "11"]
[EventCountry "FRA"]
[SourceTitle "EXT 2011"]
[Source "ChessBase"]
[SourceDate "2010.11.26"]
[SourceVersion "1"]
[SourceVersionDate "2010.11.26"]
[SourceQuality "1"]

1. e4 c5 2. Nf3 Nc6 3. d4 cxd4 4. Nxd4 g6 5. g3 Bg7 6. Ne2 Nf6 7. Nbc3 0-0 8. Bg2 d6 9. 0-0 Bd7 10. h3 Rc8 11. Nd5 Re8 12. Be3 b5 13. g4 Na5 14. Bd4 Nxd5 15. exd5 Qc7 16. Bxg7 Kxg7 17. Rc1 Nc4 18. Re1 Qc5 19. b3 Nb6 20. c3 Kg8 21. Ng3 Kg7 22. Qd2 Rc7 23. Be4 Bc8 24. Nh5+ gxh5 25. Qg5+ Kh8 26. Qxh5 f5 27. Qxe8+ Kg7 28. Bxf5 Nxd5 29. Bb1 e5 30. Qh5 Kg8 31. Qg5+ Kh8 32. b4 Qb6 33. Qd8+ Kg7 34. Qh4 Kg8 35. Be4 Nf4 36. Rc2 Rg7 37. Kh2 Bb7 38. f3 Bxe4 39. Rxe4 Qc7 40. Qf6 Rg6 41. Qf5 Nd5 42. f4 Rf6 43. Qg5+ Rg6 44. Qf5 Rf6 45. Qg5+ Rg6 46. Qf5 1/2-1/2

[Event "FRA-chT2 South 0809"]
[Site "France"]
[Date "2008.11.22"]
[Round "2.6"]
[White "Diaz, Mickael"]
[Black "Quenolle, Philippe"]
[Result "0-1"]
[WhiteElo "2242"]
[BlackElo "1956"]
[PlyCount "80"]
[EventDate "2008.10.12"]
[EventType "team-tourn"]
[EventRounds "11"]
[EventCountry "FRA"]
[SourceTitle "EXT 2010"]
[Source "ChessBase"]
[SourceDate "2010.11.25"]
[SourceVersion "1"]
[SourceVersionDate "2010.11.25"]
[SourceQuality "1"]
[WhiteTeam "Vitrolles"]
[BlackTeam "Clermont Ferrand"]
[WhiteTeamCountry "FRA"]
[BlackTeamCountry "FRA"]

1. c4 f5 2. Nc3 Nf6 3. d3 g6 4. e4 fxe4 5. dxe4 d6 6. Be2 Bg7 7. h4 h5 8. Bg5 Be6 9. Nf3 Nc6 10. Nd4 Nxd4 11. Qxd4 0-0 12. Qd2 a6 13. f3 Qe8 14. 0-0-0 Qf7 15. Nd5 Rac8 16. Kb1 b5 17. Bh6 c6 18. Bxg7 Qxg7 19. Ne3 Rb8 20. Rc1 bxc4 21. Bxc4 Bxc4 22. Rxc4 Rb6 23. Rhc1 Rfb8 24. R1c2 c5 25. Nd5 Nxd5 26. Qxd5+ Qf7 27. Qxf7+ Kxf7 28. b3 Rb4 29. Kb2 a5 30. R2c3 Kf6 31. Kc2 a4 32. Rxb4 Rxb4 33. Kd3 g5 34. hxg5+ Kxg5 35. Rc4 axb3 36. Rxb4 cxb4 37. axb3 Kf4 38. Ke2 Kg3 39. Kf1 d5 40. Kg1 h4 0-1

[Event "FRA-chT2 South 0708"]
[Site "France"]
[Date "2008.04.06"]
[Round "11.2"]
[White "Diaz, Mickael"]
[Black "Le Huec, Marc"]
[Result "1/2-1/2"]
[WhiteElo "2239"]
[BlackElo "2204"]
[PlyCount "76"]
[EventDate "2007.10.21"]
[EventType "team"]
[EventRounds "11"]
[EventCountry "FRA"]
[SourceTitle "EXT 2009"]
[Source "ChessBase"]
[SourceDate "2008.11.26"]
[SourceVersion "1"]
[SourceVersionDate "2008.11.26"]
[SourceQuality "1"]
[WhiteTeam "Vitrolles"]
[BlackTeam "Bordeaux ASPOM"]
[WhiteTeamCountry "FRA"]
[BlackTeamCountry "FRA"]

1. d4 Nf6 2. Nf3 g6 3. c4 Bg7 4. g3 0-0 5. Bg2 d6 6. 0-0 Nbd7 7. Nc3 e5 8. dxe5 dxe5 9. h3 h6 10. Qc2 Re8 11. Rd1 c6 12. Nd2 Qe7 13. Nde4 Nxe4 14. Nxe4 Nc5 15. Nxc5 Qxc5 16. e4 Be6 17. b3 Red8 18. Be3 Qa5 19. Rd2 Rxd2 20. Qxd2 Qxd2 21. Bxd2 a5 22. a4 Bf8 23. Bc3 f6 24. Rd1 g5 25. Bf1 Bb4 26. Bxb4 axb4 27. Be2 Kf8 28. Bg4 Bxg4 29. hxg4 Ke7 30. Kf1 c5 31. Ke2 b6 32. Ke3 Rd8 33. Rd5 Rc8 34. Ke2 Ke6 35. Rd1 Ke7 36. Rd5 Ke6 37. Rd1 Ke7 38. Rd5 Ke6 1/2-1/2

[Event "FRA-chT2 South 0708"]
[Site "France"]
[Date "2007.11.24"]
[Round "2.4"]
[White "Blanc, Sebastien"]
[Black "Diaz, Mickael"]
[Result "0-1"]
[WhiteElo "2137"]
[BlackElo "2228"]
[PlyCount "55"]
[EventDate "2007.10.21"]
[EventType "team"]
[EventRounds "11"]
[EventCountry "FRA"]
[SourceTitle "EXT 2009"]
[Source "ChessBase"]
[SourceDate "2008.11.26"]
[SourceVersion "1"]
[SourceVersionDate "2008.11.26"]
[SourceQuality "1"]
[WhiteTeam "Chamalieres"]
[BlackTeam "Vitrolles"]
[WhiteTeamCountry "FRA"]
[BlackTeamCountry "FRA"]

1. d4 Nc6 2. Nf3 d6 3. h3 e5 4. dxe5 Nxe5 5. Nxe5 dxe5 6. Qxd8+ Kxd8 7. e3 Be6 8. a4 Nf6 9. Nd2 Nd5 10. c3 c6 11. e4 Nb6 12. a5 Nd7 13. Nc4 Kc7 14. b4 Be7 15. Be2 b5 16. Ne3 a6 17. 0-0 Rhd8 18. Kh2 Nf6 19. f3 h5 20. g4 hxg4 21. hxg4 Nd7 22. Kg2 g6 23. Rb1 Rg8 24. c4 f5 25. c5 Kb7 26. Bb2 Bg5 27. Kf2 fxg4 28. Ng2 0-1

[Event "FRA-chT2 South 0607"]
[Site "France"]
[Date "2007.03.31"]
[Round "10.3"]
[White "Bissieres, Mathieu"]
[Black "Diaz, Mickael"]
[Result "1/2-1/2"]
[WhiteElo "2219"]
[BlackElo "2213"]
[PlyCount "39"]
[EventDate "2006.10.15"]
[EventType "team"]
[EventRounds "11"]
[EventCountry "FRA"]
[SourceTitle "EXT 2008"]
[Source "ChessBase"]
[SourceDate "2007.11.25"]
[SourceVersion "1"]
[SourceVersionDate "2007.11.25"]
[SourceQuality "1"]
[WhiteTeam "Pau Henri IV"]
[BlackTeam "Vitrolles"]
[WhiteTeamCountry "FRA"]
[BlackTeamCountry "FRA"]

1. e4 g6 2. Nc3 Bg7 3. d4 c5 4. Nf3 cxd4 5. Nxd4 Nc6 6. Be3 Nf6 7. Bc4 0-0 8. Bb3 d6 9. h3 Bd7 10. 0-0 a5 11. a4 Rc8 12. f4 Qc7 13. Ndb5 Qb8 14. Qd2 Be6 15. Bxe6 fxe6 16. Rae1 Rf7 17. Bb6 Nd7 18. Be3 Nf6 19. Bb6 Nd8 20. Be3 1/2-1/2

[Event "FRA-chT2 South 0607"]
[Site "France"]
[Date "2007.03.18"]
[Round "9.5"]
[White "Diaz, Mickael"]
[Black "Bollengier, Thierry"]
[Result "1/2-1/2"]
[WhiteElo "2228"]
[BlackElo "2107"]
[PlyCount "33"]
[EventDate "2006.10.15"]
[EventType "team"]
[EventRounds "11"]
[EventCountry "FRA"]
[SourceTitle "EXT 2008"]
[Source "ChessBase"]
[SourceDate "2007.11.25"]
[SourceVersion "1"]
[SourceVersionDate "2007.11.25"]
[SourceQuality "1"]
[WhiteTeam "Vitrolles"]
[BlackTeam "Saint Affrique"]
[WhiteTeamCountry "FRA"]
[BlackTeamCountry "FRA"]

1. e4 c6 2. d4 d5 3. e5 Bf5 4. h4 h5 5. c4 dxc4 6. Bxc4 e6 7. Bg5 Qb6 8. Nc3 Qxb2 9. Rc1 Bb4 10. Nge2 Ne7 11. 0-0 Nd7 12. Bb3 f6 13. exf6 gxf6 14. Be3 Qa3 15. Na4 Nd5 16. Nf4 Nxf4 17. Bxf4 1/2-1/2

[Event "FRA-chT2 0405"]
[Site "France"]
[Date "2005.01.09"]
[Round "6.4"]
[White "Sanz Perez, Eduardo"]
[Black "Diaz, Mickael"]
[Result "0-1"]
[WhiteElo "2151"]
[BlackElo "2209"]
[PlyCount "138"]
[EventDate "2004.10.10"]
[EventType "team"]
[EventRounds "11"]
[EventCountry "FRA"]
[SourceTitle "EXT 2006"]
[Source "ChessBase"]
[SourceDate "2005.11.24"]
[SourceVersion "1"]
[SourceVersionDate "2005.11.24"]
[SourceQuality "1"]

1. e4 c5 2. Nc3 Nc6 3. g3 g6 4. Bg2 Bg7 5. d3 d6 6. f4 e6 7. Nf3 Nge7 8. 0-0 0-0 9. Be3 b6 10. Qd2 d5 11. Bf2 d4 12. Ne2 Bb7 13. g4 f5 14. gxf5 exf5 15. h4 Qc7 16. h5 Rae8 17. Rae1 Nd8 18. hxg6 hxg6 19. Ng5 Bf6 20. c3 Qd7 21. cxd4 cxd4 22. Qb4 Nec6 23. Qc4+ Kg7 24. exf5 gxf5 25. Ng3 Na5 26. Nh5+ Kg6 27. Nxf6 Rxf6 28. Qxd4 Qxd4 29. Bxd4 Rxe1 30. Rxe1 Rd6 31. Bc3 Bxg2 32. Kxg2 Rxd3 33. Re7 Nac6 34. Rg7+ Kh6 35. Rh7+ Kg6 36. Rg7+ Kh6 37. Rg8 Kh5 38. Nh7 Ne6 39. Nf6+ Kh6 40. Rh8+ Kg6 41. Rg8+ Kf7 42. Rc8 Ne7 43. Ra8 Nxf4+ 44. Kf2 Rxc3 45. bxc3 Kxf6 46. Rxa7 Nd3+ 47. Ke3 Nc5 48. a4 Nc6 49. Ra8 Ke5 50. Re8+ Ne6 51. Kd3 Kd5 52. Kc2 Nc5 53. Rf8 Ke5 54. Rc8 Na5 55. Re8+ Kf4 56. Rb8 Nxa4 57. Rh8 Nc5 58. Rh6 b5 59. Rb6 Nc4 60. Rb8 Nd6 61. Kd2 Kf3 62. Rd8 f4 63. Kc2 Nde4 64. Rd5 Ke3 65. Rf5 f3 66. c4 bxc4 67. Rf8 f2 68. Kd1 Ng3 69. Re8+ Nce4 0-1

[Event "Nice op 11th"]
[Site "Nice"]
[Date "2004.08.02"]
[Round "1"]
[White "Lazic, Miroljub"]
[Black "Diaz, Mickael"]
[Result "1-0"]
[WhiteElo "2471"]
[BlackElo "2216"]
[PlyCount "65"]
[EventDate "2004.08.02"]
[EventType "swiss"]
[EventRounds "7"]
[EventCountry "FRA"]
[SourceTitle "CBM 101 Extra"]
[Source "ChessBase"]
[SourceDate "2004.09.01"]
[SourceVersion "2"]
[SourceVersionDate "2004.09.01"]
[SourceQuality "1"]

1. g3 Nc6 2. Bg2 e5 3. e4 f5 4. exf5 Nf6 5. d3 d5 6. g4 Bc5 7. Nc3 0-0 8. Bg5 Bb4 9. a3 Bxc3+ 10. bxc3 h5 11. h3 Qd6 12. Ne2 hxg4 13. hxg4 Nxg4 14. Ng3 Nxf2 15. Kxf2 Bxf5 16. Kg1 e4 17. Nxf5 Rxf5 18. Be3 Rf3 19. Bf2 Rxf2 20. dxe4 Rxg2+ 21. Kxg2 Qg6+ 22. Kh3 Qh6+ 23. Kg3 Qd6+ 24. Kf3 dxe4+ 25. Ke2 Qe6 26. Ke1 Qc4 27. Rh3 Qc5 28. Qg4 Re8 29. Rd1 Ne5 30. Rh8+ Kxh8 31. Qh5+ Kg8 32. Qxe8+ Kh7 33. Qh5+ 1-0

[Event "FRA-ch op-A"]
[Site "Vichy"]
[Date "2000.08.27"]
[Round "10"]
[White "Diaz, Mickael"]
[Black "Laurent, Julien G"]
[Result "1-0"]
[WhiteElo "2186"]
[BlackElo "2114"]
[PlyCount "87"]
[EventDate "2000.08.16"]
[EventType "swiss"]
[EventRounds "11"]
[EventCountry "FRA"]
[SourceTitle "EXT 2001"]
[Source "ChessBase"]
[SourceDate "2000.11.22"]
[SourceVersion "1"]
[SourceVersionDate "2000.11.22"]
[SourceQuality "1"]

1. e4 c5 2. Nc3 e6 3. f4 d5 4. Bb5+ Nc6 5. Nf3 Nge7 6. 0-0 a6 7. Bxc6+ Nxc6 8. d3 dxe4 9. dxe4 Qxd1 10. Rxd1 b6 11. Be3 Be7 12. Na4 Rb8 13. Rd2 0-0 14. Rad1 f6 15. b3 Rd8 16. c3 Kf7 17. g4 Rxd2 18. Rxd2 Rb7 19. Kf2 Na5 20. h4 Ke8 21. g5 Bd7 22. Nb2 Bc6 23. gxf6 gxf6 24. e5 Bxf3 25. Kxf3 Nc6 26. exf6 Bxf6 27. Nc4 Ke7 28. Rd6 Nd8 29. Rxb6 Rxb6 30. Nxb6 Nb7 31. Na4 c4 32. h5 cxb3 33. axb3 Kd7 34. Bd4 Bxd4 35. cxd4 Kd6 36. Ke4 a5 37. Nb6 Kc6 38. Nc4 Kb5 39. Ke5 Kb4 40. Kxe6 Kxb3 41. Nxa5+ Nxa5 42. f5 Kc4 43. f6 Nc6 44. Kd7 1-0

[Event "FRA-ch op-A"]
[Site "Vichy"]
[Date "2000.08.22"]
[Round "6"]
[White "Diaz, Mickael"]
[Black "Rouler, Charly"]
[Result "1-0"]
[WhiteElo "2186"]
[BlackElo "2112"]
[PlyCount "73"]
[EventDate "2000.08.16"]
[EventType "swiss"]
[EventRounds "11"]
[EventCountry "FRA"]
[SourceTitle "EXT 2001"]
[Source "ChessBase"]
[SourceDate "2000.11.22"]
[SourceVersion "1"]
[SourceVersionDate "2000.11.22"]
[SourceQuality "1"]

1. e4 e6 2. b3 d5 3. Bb2 dxe4 4. Nc3 Nf6 5. Qe2 Be7 6. g4 h6 7. Bg2 Bd7 8. h4 Bc6 9. 0-0-0 Nbd7 10. Nh3 Nh7 11. g5 hxg5 12. hxg5 Nxg5 13. Nxg5 Rxh1 14. Rxh1 Bxg5 15. Bxe4 Nf8 16. Bxc6+ bxc6 17. Ne4 Be7 18. Bxg7 f5 19. Bxf8 Bxf8 20. Nc5 Qd5 21. Qxe6+ Qxe6 22. Nxe6 Ba3+ 23. Kd1 Kd7 24. Nf4 Rg8 25. Ke2 Bd6 26. Kf3 c5 27. Rh5 Rf8 28. Ng6 Rf6 29. Nh4 Ke6 30. Rg5 Ke5 31. Ke3 Rf7 32. Rg6 f4+ 33. Kf3 c4 34. Rg5+ Ke6 35. bxc4 Rh7 36. Rg4 Ke5 37. c3 1-0

[Event "FRA-chT2S 9900"]
[Site "France"]
[Date "1999.11.21"]
[Round "3"]
[White "Diaz, Mickael"]
[Black "Coutton, Sylvain"]
[Result "1-0"]
[WhiteElo "2169"]
[BlackElo "2145"]
[PlyCount "77"]
[EventDate "1999.01.15"]
[EventType "team"]
[EventRounds "7"]
[EventCountry "FRA"]
[SourceTitle "EXT 2002"]
[Source "ChessBase"]
[SourceDate "2001.11.25"]
[SourceVersion "1"]
[SourceVersionDate "2001.11.25"]
[SourceQuality "1"]

1. e4 c5 2. Nc3 Nc6 3. f4 g6 4. Nf3 Bg7 5. Bc4 e6 6. f5 Nge7 7. fxe6 fxe6 8. d3 d5 9. Bb3 b5 10. 0-0 c4 11. exd5 exd5 12. dxc4 dxc4 13. Qxd8+ Nxd8 14. Nxb5 cxb3 15. Nc7+ Kd7 16. Nxa8 bxc2 17. Rf2 Bb7 18. Rxc2 Ne6 19. Nb6+ axb6 20. Be3 Nd5 21. Rd1 Ke7 22. Bf2 Rd8 23. Re1 Kf7 24. Rce2 Ndf4 25. Ng5+ Nxg5 26. Re7+ Kg8 27. Rxb7 Bxb2 28. Bxb6 Rc8 29. Be3 Be5 30. Rb5 Nf7 31. a4 g5 32. h4 h6 33. hxg5 hxg5 34. Kf1 Rc2 35. a5 Nxg2 36. Re2 Nxe3+ 37. Rxe3 Bd4 38. Re7 Ra2 39. Rd5 1-0